000 00958nam0a2200301 4500
001 RU\NLR\b_ik\101195
005 20250616225056.0
010 _a5-05-005716-7
_93000
035 _a(NLR Aleph) 002175076
090 _a2706513
_c2706513
100 _a20031010d2003 |||y0rusy50 ca
101 0 _aeng
102 _aRU
105 _ay |||||||||
200 1 _aOf mice and men
_e[a story]
_fJohn Steinbeck
210 _aMoscow
_cRaduga
_d2003
215 _a175 с.
_d17
225 1 _aПолиглот
300 _aВ вып. дан.: О мышах и людях / Джон Стейнбек
517 0 _aО мышах и людях
606 1 _aАнглийский язык
_jУчебные издания
_9972309
_3RU\NLR\AUTH\6646032
686 4 _aШ6(7США)62-440.4{Лх1979-50}
686 4 _aШ143.21-93рус91
700 1 _aSteinbeck
_bJ.
_f1902-1968
_gJohn
_4070
801 0 _aRU
_bNLR
_c20031010
_gPSBO
942 _cBOOK
980 _aNB